5 Pays les plus peuplés par continent en 2050 - Statistiques

Statistiques générales
  • Ce quiz a été pris 127 fois
  • Le résultat moyen est 26 sur 30
Statistiques - réponses
Continent Population
En millions
Pays % Correct
Asie 1,437,978 Chine
100%
Amérique du Nord 398,329 Etats-Unis
100%
Europe 69,485 France
100%
Europe 71,542 Allemagne
99%
Amérique du Nord 41,136 Canada
99%
Asie 1,656,554 Inde
99%
Amérique du Sud 238,39 Brésil
98%
Amérique du Sud 53,512 Argentine
97%
Amérique du Nord 150,568 Mexique
97%
Europe 131,773 Russie
96%
Océanie 29,013 Australie
95%
Amérique du Sud 56,228 Colombie
94%
Europe 61,416 Italie
94%
Amérique du Sud 37,834 Pérou
93%
Afrique 144,806 RD Congo
93%
Océanie 5,199 Nouvelle-Zélande
92%
Europe 71,154 Royaume-Uni
91%
Amérique du Sud 40,256 Venezuela
86%
Asie 327,282 Indonésie
85%
Afrique 402,224 Nigéria
85%
Afrique 137,873 Egypte
80%
Asie 366,570 Pakistan
80%
Océanie 1,014 Fidji
78%
Afrique 228,067 Ethiopie
75%
Océanie 10,111 Papouasie Nouvelle-Guinée
72%
Asie 201,249 Bangladesh
71%
Amérique du Nord 22,996 Guatemala
65%
Océanie 1,016 Îles Salomon
53%
Amérique du Nord 13,691 République Dominicaine
53%
Afrique 118,587 Tanzanie
53%
Aucun quiz correspondant
Distribution des résultats
% des personnes avec chaque résultat
Percentile par nombre de réponses
Votre historique - résultats
Vous n’avez pas pris ce quiz